Statistiques concernant Marques de voitures de sport #2

Cliquez ici pour prendre le quiz!

Statistiques générales

  • Ce quiz a été pris 772 fois
  • Le résultat moyen est 9 sur 16

Statistiques - réponses

Réponse% Correct
Bugatti
97%
Porsche
97%
Mclaren
92%
Nissan
85%
Ford
82%
Pagani
78%
Alfa Roméo
72%
Koenigsegg
69%
Dodge
56%
Volkswagen
32%
Acura
30%
Saleen
27%
Zenvo
27%
Lykan
23%
Hennessey
15%
SSC
11%

Distribution des résultats

Percentile par nombre de réponses

% des personnes avec chaque résultat

Votre développement - résultats

Vous n’avez pas pris ce quiz